Statistics for All 1M+ Cities by Letter - Q

Click here to take the quiz!

General Stats

  • This quiz has been taken 179 times
  • The average score is 4 of 8

Answer Stats

Country (State)Population (Millions)City Name% Correct
Ecuador2.675Quito
100%
China (Shandong)6Qingdao
74%
Iran1.26Qom
64%
Pakistan1.11Quetta
58%
Mexico1.4Queretaro
45%
China (Heilongjiang)1.05Qiqihar
23%
China (Hebei)1.26Qinhuangdao
20%
China (Guangdong)1.03Qingyuan
14%

Score Distribution

Percentile by Number Answered

Percent of People with Each Score

Your Score History

You have not taken this quiz